| 000 | 00484nas a2200193 a 4500 | ||
|---|---|---|---|
| 001 | 000037235 | ||
| 003 | DLC | ||
| 005 | 20200930080229.0 | ||
| 008 | 120315c20119999dr fr1pdd 0 0spa d | ||
| 022 | _a22217568 | ||
| 040 |
_aDO-SdBNP _bspa |
||
| 043 | _anwdr | ||
| 245 | 0 | 0 | _aCardio Cedimat. |
| 260 |
_aSanto Domingo : _bCedimat, _c2011. |
||
| 300 |
_av. ; _c27 cm. |
||
| 310 | _aSemestral | ||
| 362 | _aVol. 4 No. 6 (Julio-Diciembre 2011) | ||
| 651 | 4 |
_aRepública Dominicana _910483 |
|
| 999 |
_c36725 _d36725 |
||